Cisco Voice over Frame Relay, ATM, and IP /

Zapisane w:
Opis bibliograficzny
1. autor: McQuerry, Steve (ed.)
Kolejni autorzy: McGrey, Kelly (edición) (edición), Foy, Stephen (edición) (edición)
Format: Książka
Język:angielski
Wydane: Indianápolis, EUA : Cisco, 2001, c2001
Seria:(Certification Self-Study Series)
Hasła przedmiotowe:
Etykiety: Dodaj etykietę
Nie ma etykietki, Dołącz pierwszą etykiete!

MARC

LEADER 00000nam^a2200000^a^4500
001 000156386
005 20250521000000.0
009 20260310100501.199
020 |a 1-57870-227-5 
037 |a Acervo ITESO - Biblioteca 
041 |a ING 
082 |a 621. 382171  |b MCQ 
100 |a McQuerry, Steve  |e (ed.) 
245 1 0 |a Cisco Voice over Frame Relay, ATM, and IP /  |c Ed. de S. McQuerry, K. McGrew, S. Foy ; pról. de Thomas M. Kelly. 
264 4 |a Indianápolis, EUA :  |b Cisco,  |c 2001, c2001 
300 |a XXVII, 517 p. 
336 |a texto  |b txt  |2 rdacontenido 
337 |a sin mediación  |b n  |2 rdamedio 
338 |a volumen  |b nc  |2 rdasoporte 
440 1 |a (Certification Self-Study Series) 
649 |a XX 
650 |a Ruteadores 
650 |a Transmisión de Voz 
650 |a Transmisión de Datos 
650 |a Procesamiento de Señales 
650 |a Señales y Transmisión de Señales 
650 |a Proceso de Comunicación 
650 |a Protocolos de Comunicación 
650 |a ATM (Modo de Transferencia Asíncrona) 
650 |a Frame Relay 
650 |a Teléfono 
650 |a Internet 
650 |a Redes de Computadoras 
650 |a Sistemas de Telecomunicación 
650 |a Comunicación en Red 
650 |a Telecomunicaciones 
650 |a Comunicaciones y Tránsito 
650 |a Ingeniería Computacional 
650 |a Ingeniería Electrónica 
700 |a McGrey, Kelly  |e (edición) 
700 |a Foy, Stephen  |e (edición) 
910 |a Fondo General 
920 |a Impresos - Libros 
930 |a Colección General 
905 |a 101 
901 |a 0500084841  |b IT1  |c ACC  |u 20250521 
902 |a https://opac.biblio.iteso.mx/vufind/Record/000156386